Über eingebettete 2 - Sphären in drei dimensionalen Mannigfaltigkeiten Dissertation
Saved in:
| Main Author: | |
|---|---|
| Format: | Book |
| Language: | German |
| Published: |
Bochum
Ruhr-Universität
1981
|
| Tags: |
No Tags, Be the first to tag this record!
|
MARC
| LEADER | 00000nam a2200000 4500 | ||
|---|---|---|---|
| 001 | c136613 | ||
| 005 | 20140320091327.2 | ||
| 041 | 0 | |a ger | |
| 044 | |a DE | ||
| 245 | 1 | 0 | |a Über eingebettete 2 - Sphären in drei dimensionalen Mannigfaltigkeiten |b Dissertation |c Bärbel Wicha |
| 264 | 1 | |a Bochum |b Ruhr-Universität |c 1981 | |
| 300 | |a 151 s. | ||
| 100 | 1 | |a Wicha, Bärbel | |